| 000 | 00546nam a2200181 a 4500 | ||
|---|---|---|---|
| 005 | 20140412111221.0 | ||
| 008 | 010327s19uu xx 00 eng d | ||
| 020 | _a0-313-27842-3 | ||
| 050 |
_aM 025.1 _bC62 1992 |
||
| 100 | _aCocharan, Wesley J. | ||
| 245 |
_aTime management handbook for librarians / _cby J. Wesley Cochran. |
||
| 260 |
_aWestport City, U. S. A : _bGreenwood Press, _c1992. |
||
| 300 | _a139 p. | ||
| 440 | _aGreenwood Library Management Collection | ||
| 650 | _aTime management | ||
| 650 | _aLibrarians | ||
| 999 |
_c101936 _d101936 |
||